[Event "Heusenstamm Sparkassen op-A 7th"]
[Site "Heusenstamm"]
[Date "2021.11.19"]
[Round "2.1"]
[White "Schreiner, Roland"]
[Black "Sumets, Andrey"]
[Result "0-1"]
[WhiteElo "2104"]
[BlackElo "2527"]
[PlyCount "48"]
[EventDate "2021.11.18"]
[EventType "swiss"]
[EventRounds "7"]
[EventCountry "GER"]
[SourceTitle "EXT 2023"]
[Source "ChessBase"]
[SourceDate "2022.10.05"]
[SourceVersion "1"]
[SourceVersionDate "2022.10.05"]
[SourceQuality "1"]

1. d4 Nf6 2. Nf3 e6 3. c4 d5 4. Nc3 c6 5. e3 a6 6. cxd5 exd5 7. Be2 Bd6 8. Qc2 0-0 9. 0-0 Re8 10. Bd3 Nbd7 11. b3 Qe7 12. Bb2 Ne4 13. Ne5 Nxe5 14. Bxe4 dxe4 15. dxe5 Qxe5 16. g3 Bg4 17. Ne2 Qh5 18. Nf4 Bxf4 19. exf4 Rad8 20. Rfe1 Bf3 21. Qc3 f6 22. h4 Rd5 23. Qb4 b5 24. Rac1 Qg4 0-1

[Event "Heusenstamm Sparkassen op-A 5th"]
[Site "Heusenstamm"]
[Date "2018.11.24"]
[Round "4"]
[White "Schreiner, Roland"]
[Black "Hagner, Bennet"]
[Result "1/2-1/2"]
[WhiteElo "2121"]
[BlackElo "1912"]
[PlyCount "91"]
[EventDate "2018.11.22"]
[EventType "swiss"]
[EventRounds "7"]
[EventCountry "GER"]
[SourceTitle "CBM 188 Extra"]
[Source "ChessBase"]
[SourceDate "2019.02.26"]
[SourceVersion "1"]
[SourceVersionDate "2019.02.26"]
[SourceQuality "1"]

1. d4 Nf6 2. Nf3 c5 3. c4 g6 4. d5 b5 5. cxb5 a6 6. bxa6 Bxa6 7. Nc3 d6 8. e4 Bxf1 9. Kxf1 Bg7 10. h3 0-0 11. Kg1 Na6 12. Kh2 Qa5 13. Nd2 Rfb8 14. Nc4 Qb4 15. Qe2 Nd7 16. a3 Qb3 17. Na5 Qb6 18. Nc6 Re8 19. Bd2 Nab8 20. Nxb8 Rexb8 21. Rab1 Qb3 22. f4 Nb6 23. Rhf1 Nc4 24. Rf3 Qc2 25. Qxc4 Bxc3 26. Rc1 Qxd2 27. Qxc3 Rxb2 28. Qxd2 Rxd2 29. Rb3 Rd4 30. Re1 Raa4 31. Rbe3 Rac4 32. Kg3 Rc2 33. Kf3 Rdd2 34. R1e2 Rxe2 35. Rxe2 Rxe2 36. Kxe2 Kf8 37. Kd3 Ke8 38. g4 Kd7 39. Kc4 Kc7 40. Kb5 Kb7 41. a4 f6 42. h4 h6 43. Ka5 g5 44. fxg5 fxg5 45. hxg5 hxg5 46. Kb5 1/2-1/2

[Event "Oberliga Ost-B 1314"]
[Site "Germany"]
[Date "2013.10.13"]
[Round "1.8"]
[White "Schreiner, Roland"]
[Black "Nimsch, Helmut"]
[Result "1-0"]
[WhiteElo "2143"]
[BlackElo "2077"]
[PlyCount "122"]
[EventDate "2013.10.13"]
[EventType "team-tourn"]
[EventRounds "11"]
[EventCountry "GER"]
[SourceTitle "EXT 2015"]
[Source "ChessBase"]
[SourceDate "2014.11.20"]
[SourceVersion "1"]
[SourceVersionDate "2014.11.20"]
[SourceQuality "1"]
[WhiteTeam "Heusenstamm"]
[BlackTeam "Frankfurt BvK"]
[WhiteTeamCountry "GER"]
[BlackTeamCountry "GER"]

1. d4 d5 2. c4 c6 3. Nc3 Nf6 4. Nf3 a6 5. a4 Bf5 6. Qb3 b6 7. e3 e6 8. Be2 Bd6 9. Bd2 0-0 10. 0-0 Ne4 11. Rfc1 Nd7 12. cxd5 cxd5 13. Nxe4 dxe4 14. Ne1 Nf6 15. Bb4 Nd5 16. Bxd6 Qxd6 17. Nc2 a5 18. Na3 Rfd8 19. Bb5 Rab8 20. Nc4 Qb4 21. Qxb4 Nxb4 22. Ne5 Rd6 23. Rc7 Rf8 24. Nc4 Rdd8 25. Nxb6 e5 26. Bd7 g6 27. d5 Kg7 28. d6 Bxd7 29. Nxd7 Rfe8 30. g3 Re6 31. Rd1 Nd3 32. Nc5 Rexd6 33. Nxe4 R6d7 34. Rxd7 Rxd7 35. f4 exf4 36. exf4 f5 37. Nf2 Nc5 38. Rxd7+ Nxd7 39. Nd3 Kf6 40. b4 axb4 41. Nxb4 g5 42. fxg5+ Kxg5 43. a5 f4 44. Kg2 Kg4 45. gxf4 Kxf4 46. a6 Nb6 47. Kh3 Kg5 48. a7 Kh5 49. Nd5 Na8 50. Kg3 Kg5 51. h4+ Kf5 52. Kf3 Ke5 53. Ne3 Kf6 54. Kg4 Kg6 55. Nd5 Kh6 56. Nf4 Kg7 57. Kg5 Nc7 58. Nh5+ Kf8 59. Kh6 Na8 60. Nf6 Nc7 61. Nxh7+ Ke8 1-0

[Event "Hessenliga 1213"]
[Site "Germany"]
[Date "2013.05.05"]
[Round "9.7"]
[White "Schreiner, Roland"]
[Black "Huss, Rolf"]
[Result "0-1"]
[WhiteElo "2143"]
[BlackElo "2150"]
[PlyCount "144"]
[EventDate "2012.09.16"]
[EventType "team-tourn"]
[EventRounds "9"]
[EventCountry "GER"]
[SourceTitle "EXT 2014"]
[Source "ChessBase"]
[SourceDate "2013.11.20"]
[SourceVersion "1"]
[SourceVersionDate "2013.11.20"]
[SourceQuality "1"]
[WhiteTeam "Heusenstamm"]
[BlackTeam "Fulda"]
[WhiteTeamCountry "GER"]
[BlackTeamCountry "GER"]

1. d4 Nf6 2. Nf3 g6 3. c4 Bg7 4. Nc3 d5 5. e3 0-0 6. Bd3 c5 7. 0-0 cxd4 8. exd4 Nc6 9. h3 dxc4 10. Bxc4 a6 11. a4 Bf5 12. Be3 Rc8 13. Qe2 Qd6 14. Rfd1 Nb4 15. Bb3 Nbd5 16. Rac1 Be6 17. Bxd5 Bxd5 18. Ne5 Rfd8 19. Bf4 Qe6 20. Qe3 Bb3 21. Re1 Nd5 22. Qf3 Nxf4 23. Qxf4 Qd6 24. d5 Bxe5 25. Qxe5 Qxe5 26. Rxe5 Bxd5 27. Rxe7 Bc6 28. Rce1 Rd2 29. R1e2 Rcd8 30. f3 Kf8 31. Kf2 Rxb2 32. Rxf7+ Kxf7 33. Rxb2 Rd4 34. Ke3 Rc4 35. Kd3 Rf4 36. Ke3 Rc4 37. Kd3 Rh4 38. Ne4 Ke7 39. Kd4 Rh5 40. Nc3 Kd6 41. Rd2 Ra5 42. Kc4+ Ke6 43. Kb4 Re5 44. Ne2 a5+ 45. Kb3 Re3+ 46. Kc4 Bxa4 47. Nd4+ Ke5 48. Rb2 Bc6 49. Nxc6+ bxc6 50. Ra2 Kf4 51. Rxa5 Re2 52. Ra7 h5 53. Rf7+ Ke3 54. g4 Rc2+ 55. Kb3 Rh2 56. gxh5 gxh5 57. f4 Rxh3 58. Kc4 Rh4 59. Kc5 Rxf4 60. Rh7 h4 61. Kxc6 Kf3 62. Kd5 Kg2 63. Ke5 Ra4 64. Rb7 h3 65. Rb2+ Kf3 66. Rb3+ Kg4 67. Rb2 Rf4 68. Rb8 Kg3 69. Rb3+ Rf3 70. Rb8 Kg2 71. Ke4 h2 72. Rb1 Rf1 0-1

[Event "Hessenliga 1112"]
[Site "Germany"]
[Date "2012.04.29"]
[Round "8.6"]
[White "Schreiner, Roland"]
[Black "Hilbenz, Guntram"]
[Result "1/2-1/2"]
[WhiteElo "2143"]
[BlackElo "1901"]
[PlyCount "63"]
[EventDate "2011.09.25"]
[EventType "team-tourn"]
[EventRounds "9"]
[EventCountry "GER"]
[SourceTitle "EXT 2013"]
[Source "ChessBase"]
[SourceDate "2012.11.22"]
[SourceVersion "1"]
[SourceVersionDate "2012.11.22"]
[SourceQuality "1"]
[WhiteTeam "Heusenstamm"]
[BlackTeam "Bad Nauheim"]
[WhiteTeamCountry "GER"]
[BlackTeamCountry "GER"]

1. d4 d6 2. c4 e5 3. dxe5 dxe5 4. Qxd8+ Kxd8 5. Nc3 Be6 6. e4 c6 7. Be3 Nd7 8. Nf3 f6 9. Be2 a5 10. 0-0 Bc5 11. Bd2 Nh6 12. Na4 Be7 13. Rad1 Kc7 14. b3 Nc5 15. Nc3 Nf7 16. Ne1 Nd6 17. f3 b6 18. Be3 Ndb7 19. Nd3 Nxd3 20. Rxd3 Bc5 21. Kf2 Bxe3+ 22. Kxe3 Nc5 23. Rd2 Rhd8 24. Rfd1 Rxd2 25. Rxd2 Bd7 26. Rb2 Ne6 27. g3 Nd4 28. Bf1 Be6 29. Ne2 c5 30. Nc3 g5 31. Be2 h5 32. Bd1 1/2-1/2

[Event "Hessenliga 1112"]
[Site "Germany"]
[Date "2011.12.04"]
[Round "4.5"]
[White "Seidel, Juergen"]
[Black "Schreiner, Roland"]
[Result "0-1"]
[WhiteElo "2033"]
[BlackElo "2143"]
[PlyCount "81"]
[EventDate "2011.09.25"]
[EventType "team-tourn"]
[EventRounds "9"]
[EventCountry "GER"]
[SourceTitle "EXT 2013"]
[Source "ChessBase"]
[SourceDate "2012.11.22"]
[SourceVersion "1"]
[SourceVersionDate "2012.11.22"]
[SourceQuality "1"]
[WhiteTeam "Hofheim II"]
[BlackTeam "Heusenstamm"]
[WhiteTeamCountry "GER"]
[BlackTeamCountry "GER"]

1. f4 d5 2. Nf3 Nf6 3. g3 c5 4. Bg2 Nc6 5. d3 Bf5 6. e3 e6 7. Qe2 Be7 8. 0-0 0-0 9. c3 Qc7 10. h3 e5 11. g4 Bxd3 12. Qxd3 e4 13. Qc2 exf3 14. Bxf3 Rfe8 15. Nd2 h6 16. h4 d4 17. cxd4 cxd4 18. Nb3 dxe3 19. g5 hxg5 20. hxg5 e2 21. Re1 Bb4 22. Rxe2 Qb6+ 23. Kg2 Rxe2+ 24. Qxe2 Re8 25. Qd3 Re1 26. gxf6 Rg1+ 27. Kh3 Qf2 28. Bd5 Be1 29. Bxf7+ Kxf7 30. Qd5+ Ke8 31. Qh5+ g6 32. Qh8+ Kf7 33. Qh7+ Kf8 34. Qh8+ Kf7 35. Qg7+ Ke6 36. Qg8+ Kxf6 37. Qh8+ Kf7 38. Qh7+ Ke8 39. Qg8+ Kd7 40. Qg7+ Kc8 41. Qf8+ 0-1

[Event "Hessenliga 1112"]
[Site "Germany"]
[Date "2011.09.25"]
[Round "1.6"]
[White "Schreiner, Roland"]
[Black "Starke, Dieter"]
[Result "0-1"]
[WhiteElo "2143"]
[BlackElo "2229"]
[PlyCount "68"]
[EventDate "2011.09.25"]
[EventType "team-tourn"]
[EventRounds "9"]
[EventCountry "GER"]
[SourceTitle "EXT 2013"]
[Source "ChessBase"]
[SourceDate "2012.11.22"]
[SourceVersion "1"]
[SourceVersionDate "2012.11.22"]
[SourceQuality "1"]
[WhiteTeam "Heusenstamm"]
[BlackTeam "Marburg"]
[WhiteTeamCountry "GER"]
[BlackTeamCountry "GER"]

1. d4 d5 2. c4 c6 3. Nc3 Nf6 4. Nf3 e6 5. e3 Nbd7 6. Bd3 dxc4 7. Bxc4 b5 8. Bd3 Bb7 9. 0-0 a6 10. e4 c5 11. d5 c4 12. Bc2 Qc7 13. Qe2 Bd6 14. Nd4 Nc5 15. f4 Nd3 16. Bxd3 Bc5 17. Be3 cxd3 18. Qxd3 exd5 19. exd5 0-0 20. Rac1 Rfe8 21. Kh1 Qb6 22. Rfd1 Nxd5 23. Nxd5 Bxd5 24. Rxc5 Qxc5 25. Nf5 Rxe3 26. Nxe3 Bxa2 27. Nf5 Be6 28. Qd8+ Qf8 29. Ne7+ Kh8 30. Qc7 Re8 31. Nc6 Bg4 32. Rf1 Qc5 33. Qb7 Qf2 34. Rg1 Bf3 0-1

[Event "Rhein Main op 12th"]
[Site "Bad Homburg"]
[Date "2009.06.11"]
[Round "3"]
[White "Schreiner, Roland"]
[Black "Hillgaertner, Walter"]
[Result "1/2-1/2"]
[WhiteElo "2153"]
[BlackElo "1976"]
[PlyCount "110"]
[EventDate "2009.06.10"]
[EventType "swiss"]
[EventRounds "7"]
[EventCountry "GER"]
[SourceTitle "CBM 131 Extra"]
[Source "ChessBase"]
[SourceDate "2009.09.03"]
[SourceVersion "2"]
[SourceVersionDate "2009.09.16"]
[SourceQuality "1"]

1. d4 g6 2. c4 Bg7 3. Nc3 d6 4. e4 c6 5. Nf3 a6 6. a4 a5 7. Be3 Na6 8. g3 Nb4 9. Bg2 Qc7 10. 0-0 Nf6 11. h3 0-0 12. Rc1 Qb8 13. Ne1 e5 14. Nc2 Nxc2 15. Rxc2 Re8 16. d5 cxd5 17. cxd5 Bd7 18. Qe2 Rc8 19. Rfc1 Ne8 20. Nb5 Rxc2 21. Rxc2 Bf6 22. Bf1 Qd8 23. b3 Rc8 24. Na3 Rxc2 25. Qxc2 Bg5 26. Ba7 f5 27. Bb5 fxe4 28. Bxd7 Qxd7 29. h4 Bh6 30. Qxe4 Nf6 31. Qf3 Bg7 32. Nc4 b5 33. axb5 Qxa7 34. Nxd6 Qc5 35. Nc4 Nd7 36. Nxa5 Qxb5 37. Nc6 Qc5 38. b4 Qd6 39. Qa3 Bf8 40. Qa8 Kg7 41. b5 Qxd5 42. Qe8 Qf7 43. Qxf7+ Kxf7 44. b6 Nxb6 45. Nxe5+ Ke6 46. Nd3 Bd6 47. Kg2 Nd5 48. Ne1 Be5 49. Nd3 Bd4 50. Kf3 Bb6 51. Kg2 Kf5 52. f3 Ke6 53. f4 Nf6 54. Kf3 h5 55. Ne5 Nd7 1/2-1/2

[Event "Frankfurt-ch"]
[Site "Frankfurt"]
[Date "2009.05.04"]
[Round "2"]
[White "Petri, Igor"]
[Black "Schreiner, Roland"]
[Result "1/2-1/2"]
[WhiteElo "1818"]
[BlackElo "2153"]
[PlyCount "110"]
[EventDate "2009.04.27"]
[EventType "tourn"]
[EventRounds "7"]
[EventCountry "GER"]
[SourceTitle "EXT 2010"]
[Source "ChessBase"]
[SourceDate "2010.11.25"]
[SourceVersion "1"]
[SourceVersionDate "2010.11.25"]
[SourceQuality "1"]

1. f4 d5 2. Nf3 Nf6 3. e3 c5 4. d4 Nc6 5. c3 cxd4 6. exd4 Bf5 7. Bd3 e6 8. Qc2 Bxd3 9. Qxd3 Bd6 10. 0-0 Ne4 11. Nbd2 f5 12. Ne5 0-0 13. Nxe4 fxe4 14. Qh3 Qe8 15. Bd2 Bxe5 16. fxe5 Qg6 17. Rxf8+ Rxf8 18. Rf1 Rxf1+ 19. Kxf1 Ne7 20. Qh4 Qf5+ 21. Ke2 Nc6 22. Qg5 Qxg5 23. Bxg5 b5 24. Kd2 Kf7 25. b3 Kg6 26. Be3 Kf5 27. h3 h5 28. c4 bxc4 29. bxc4 dxc4 30. Kc3 Ne7 31. Kxc4 Nd5 32. Bc1 Nf4 33. a4 Nxg2 34. Kb5 e3 35. Ka6 e2 36. Bd2 e1Q 37. Bxe1 Nxe1 38. Kxa7 Nc2 39. Kb6 Ke4 40. a5 Nb4 41. Kc5 Na6+ 42. Kd6 Kxd4 43. Kxe6 Kc5 44. h4 Kb5 45. Kf7 Kxa5 46. Kxg7 Kb6 47. Kg6 Kc6 48. Kxh5 Kd5 49. Kg6 Kxe5 50. h5 Nc7 51. h6 Ne6 52. Kh7 Ng5+ 53. Kg6 Ne6 54. h7 Nf8+ 55. Kg7 Nxh7 1/2-1/2

[Event "Frankfurt-ch"]
[Site "Frankfurt"]
[Date "2008.06.09"]
[Round "6"]
[White "Schreiner, Roland"]
[Black "Larem, Peter"]
[Result "1-0"]
[WhiteElo "1956"]
[BlackElo "1942"]
[PlyCount "69"]
[EventDate "2008.04.28"]
[EventType "swiss"]
[EventRounds "7"]
[EventCountry "GER"]
[SourceTitle "EXT 2009"]
[Source "ChessBase"]
[SourceDate "2008.11.26"]
[SourceVersion "1"]
[SourceVersionDate "2008.11.26"]
[SourceQuality "1"]

1. d4 Nf6 2. c4 c5 3. d5 b5 4. cxb5 a6 5. bxa6 Bxa6 6. Nc3 d6 7. e4 Bxf1 8. Kxf1 g6 9. Nf3 Bg7 10. g3 0-0 11. Kg2 Nbd7 12. Qc2 Ra6 13. Bf4 Qa8 14. Rhe1 Rb8 15. Rad1 Ng4 16. Re2 Rab6 17. Bc1 Nge5 18. Nd2 c4 19. f4 Ng4 20. h3 Ngf6 21. Nxc4 Rb4 22. b3 Nc5 23. Be3 Nfd7 24. Bd4 Bxd4 25. Rxd4 Qa7 26. Rd1 Qa6 27. e5 dxe5 28. fxe5 Nxb3 29. axb3 Rxb3 30. Ne4 R8b4 31. Rc1 Qb7 32. Na5 Qxd5 33. Nxb3 Rxb3 34. Rd1 Qb7 35. Rxd7 1-0

[Event "Hessen-ch Gr-B 62nd"]
[Site "Hanau"]
[Date "2008.03.21"]
[Round "4"]
[White "Schreiner, Roland"]
[Black "Seifert, Christopher"]
[Result "0-1"]
[WhiteElo "1972"]
[BlackElo "1985"]
[PlyCount "66"]
[EventDate "2008.03.19"]
[EventType "swiss"]
[EventRounds "7"]
[EventCountry "GER"]
[SourceTitle "CBM 123 Extra"]
[Source "ChessBase"]
[SourceDate "2008.05.06"]
[SourceVersion "1"]
[SourceVersionDate "2008.05.06"]
[SourceQuality "1"]

1. d4 Nf6 2. c4 c5 3. d5 e6 4. Nc3 exd5 5. cxd5 d6 6. e4 g6 7. Nf3 Bg7 8. Bd3 0-0 9. 0-0 Bg4 10. h3 Bxf3 11. Qxf3 Nbd7 12. Bf4 Ne8 13. Qe2 Ne5 14. Bxe5 dxe5 15. f4 Nd6 16. f5 Rc8 17. Bc4 Qh4 18. fxg6 fxg6 19. Rxf8+ Rxf8 20. Rf1 Rxf1+ 21. Qxf1 Bh6 22. Bd3 c4 23. Bc2 Be3+ 24. Kh1 b5 25. Ne2 Nxe4 26. Bxe4 Qxe4 27. Nc3 Qd3 28. Qf6 Qf5 29. Qxf5 gxf5 30. Nxb5 Bd4 31. Nd6 f4 32. Nxc4 e4 33. g3 e3 0-1

[Event "Frankfurt-ch"]
[Site "Frankfurt"]
[Date "2007.06.04"]
[Round "5"]
[White "Schreiner, Roland"]
[Black "Solonar, Stefan"]
[Result "1-0"]
[WhiteElo "1970"]
[BlackElo "2345"]
[PlyCount "78"]
[EventDate "2007.04.30"]
[EventType "swiss"]
[EventRounds "7"]
[EventCountry "GER"]
[SourceTitle "EXT 2008"]
[Source "ChessBase"]
[SourceDate "2007.11.25"]
[SourceVersion "1"]
[SourceVersionDate "2007.11.25"]
[SourceQuality "1"]

1. d4 g6 2. e4 Bg7 3. c3 c6 4. f4 d5 5. e5 Nh6 6. Nf3 0-0 7. Bd3 f6 8. 0-0 Bf5 9. Bxf5 Nxf5 10. g4 Nh6 11. h3 Nf7 12. Qd3 fxe5 13. fxe5 Qb6 14. Kh1 c5 15. b3 cxd4 16. cxd4 Nc6 17. Be3 Rac8 18. Nc3 e6 19. Na4 Qd8 20. Nc5 Qe7 21. Rac1 b6 22. Na4 Qa3 23. Qb5 Qxa2 24. Rxc6 a6 25. Qxb6 Qe2 26. Qxa6 Qxf1+ 27. Qxf1 Rxc6 28. Nc5 Rxc5 29. dxc5 Nxe5 30. c6 Nxc6 31. Qe2 e5 32. Bc5 Rf6 33. b4 e4 34. Nd4 Ne5 35. Qb5 Nd3 36. Qe8+ Bf8 37. Bxf8 Rxf8 38. Qe6+ Kg7 39. Qe7+ Kg8 1-0

[Event "Frankfurt-ch"]
[Site "Frankfurt"]
[Date "2007.04.30"]
[Round "1"]
[White "Schreiner, Roland"]
[Black "Riha, Peter"]
[Result "1-0"]
[WhiteElo "1970"]
[BlackElo "1823"]
[PlyCount "39"]
[EventDate "2007.04.30"]
[EventType "swiss"]
[EventRounds "7"]
[EventCountry "GER"]
[SourceTitle "EXT 2008"]
[Source "ChessBase"]
[SourceDate "2007.11.25"]
[SourceVersion "1"]
[SourceVersionDate "2007.11.25"]
[SourceQuality "1"]

1. d4 Nf6 2. Nf3 g6 3. c4 Bg7 4. Nc3 d5 5. Bg5 Ne4 6. Bh4 c5 7. e3 Qa5 8. Qa4+ Qxa4 9. Nxa4 cxd4 10. Nxd4 Bd7 11. Nc3 Nxc3 12. bxc3 dxc4 13. Bxc4 Nc6 14. 0-0 Rc8 15. Be2 Na5 16. Rfc1 e5 17. Nb5 Rc6 18. Rd1 f6 19. Rd5 Nc4 20. Bxc4 1-0

[Event "Rhein Main op 09th"]
[Site "Bad Homburg"]
[Date "2006.06.16"]
[Round "4.23"]
[White "Mayer, Frank1111"]
[Black "Schreiner, Roland"]
[Result "1-0"]
[WhiteElo "2078"]
[BlackElo "1954"]
[PlyCount "49"]
[EventDate "2006.06.14"]
[EventType "swiss"]
[EventRounds "7"]
[EventCountry "GER"]
[SourceTitle "EXT 2007"]
[Source "ChessBase"]
[SourceDate "2006.11.23"]
[SourceVersion "1"]
[SourceVersionDate "2006.11.23"]
[SourceQuality "1"]

1. e4 d6 2. d4 Nf6 3. Nc3 g6 4. Be3 Bg7 5. Qd2 0-0 6. f3 c6 7. 0-0-0 Nbd7 8. Bh6 b5 9. h4 a5 10. h5 Qb6 11. hxg6 fxg6 12. Bxg7 Kxg7 13. Qh6+ Kg8 14. Nh3 Rf7 15. Ng5 a4 16. Nxf7 Kxf7 17. e5 dxe5 18. dxe5 Nxe5 19. Qf4 Qb8 20. Rxh7+ Kg8 21. Qh6 Nxh7 22. Rd8+ Kf7 23. Qxh7+ Ke6 24. Qg8+ Kf5 25. Rf8+ 1-0